Geopolítica y drogas en el hemisferio occidental:
El presente artículo va dirigido a realizar una imprescindible actualización acerca de la relación que existe entre los enfoques geopolíticos que históricamente han caracterizado la estrategia latinoamericana y caribeña de los Estados Unidos y la llamada "guerra contra las drogas" que se d...
Gespeichert in:
| 1. Verfasser: | |
|---|---|
| Format: | Text |
| Schlagworte: | |
| Tags: |
Tag hinzufügen
Keine Tags, Fügen Sie den ersten Tag hinzu!
|
MARC
| LEADER | 00000 a a2200000 04500 | ||
|---|---|---|---|
| 001 | 42374 | ||
| 003 | |||
| 040 | |||
| 100 | |a Suárez Salazar, Luis | ||
| 245 | |a Geopolítica y drogas en el hemisferio occidental: |a apuntes para una actualización / |c Luis Suárez Salazar | ||
| 520 | |a El presente artículo va dirigido a realizar una imprescindible actualización acerca de la relación que existe entre los enfoques geopolíticos que históricamente han caracterizado la estrategia latinoamericana y caribeña de los Estados Unidos y la llamada "guerra contra las drogas" que se desarrolla en algunas naciones del Hemisferio Occidental. | ||
| 590 | |a RRA/DICIEMBRE2011 | ||
| 650 | |a LUCHA CONTRA LAS DROGAS | ||
| 650 | |a TRAFICO DE DROGAS | ||
| 650 | |a CONSUMO | ||
| 650 | |a ESTADOS UNIDOS | ||
| 650 | |a POLITICA INTERNACIONAL | ||
| 650 | |a AMERICA LATINA | ||
| 773 | |g páginas 155-178 : tablas | ||
| 999 | |c 20582 |d 20582 | ||
